[Event "Manizales Las Americas blitz op"]
[Site "Manizales"]
[Date "2021.10.23"]
[Round "11"]
[White "Rios, David1"]
[Black "Rosero Zapata, Luis Fernando"]
[Result "0-1"]
[WhiteElo "1768"]
[BlackElo "1725"]
[PlyCount "82"]
[EventDate "2021.10.23"]
[EventType "swiss (blitz)"]
[EventRounds "11"]
[EventCountry "COL"]
[SourceTitle "CBM 205 Extra"]
[Source "ChessBase"]
[SourceDate "2022.01.31"]
[SourceVersion "1"]
[SourceVersionDate "2022.01.31"]
[SourceQuality "1"]

1. e4 Nf6 2. f3 e5 3. c3 Nxe4 4. fxe4 Qh4+ 5. Ke2 Qxe4+ 6. Kf2 Bc5+ 7. d4 exd4 8. Qe2 d3+ 9. Qe3 Bxe3+ 10. Bxe3 f5 11. Nd2 Qh4+ 12. g3 Qf6 13. Bxd3 0-0 14. Ngf3 h6 15. Rae1 Nc6 16. h4 d5 17. Rhf1 Bd7 18. Kg2 Rae8 19. Bd4 Qf7 20. Nb3 Rxe1 21. Rxe1 b6 22. Ne5 Nxe5 23. Bxe5 c5 24. Nd2 Bc6 25. Kh2 Re8 26. Nf3 d4 27. cxd4 Bxf3 28. b3 cxd4 29. Bc4 Bd5 30. Bb5 Rc8 31. Bxd4 Rc2+ 32. Re2 Rxe2+ 33. Bxe2 Qe6 34. Bd3 g6 35. a4 Kh7 36. h5 Qe1 37. hxg6+ Kxg6 38. g4 Qd2+ 39. Kg3 Qxd3+ 40. Kh4 Qxd4 41. a5 Qxg4# 0-1

[Event "Manizales Las Americas op-A"]
[Site "Manizales"]
[Date "2021.10.16"]
[Round "5"]
[White "Rosero Zapata, Luis Fernando"]
[Black "Moscoso Sanchez, Fernando"]
[Result "1-0"]
[WhiteElo "1911"]
[BlackElo "2138"]
[PlyCount "21"]
[EventDate "2021.10.14"]
[EventType "swiss"]
[EventRounds "10"]
[EventCountry "COL"]
[SourceTitle "CBM 204 Extra"]
[Source "ChessBase"]
[SourceDate "2021.11.30"]
[SourceVersion "1"]
[SourceVersionDate "2021.11.30"]
[SourceQuality "1"]

1. d4 Nf6 2. Nf3 d5 3. g3 g6 4. Bg2 Bg7 5. 0-0 0-0 6. Nbd2 c5 7. dxc5 Na6 8. Nb3 Bg4 9. Ne5 Bf5 10. c3 Ne4 11. Nd3 1-0

[Event "COL-ch sf"]
[Site "Santa Rosa"]
[Date "2021.08.12"]
[Round "3"]
[White "Bolanos Lopez, Juan Jacobo"]
[Black "Rosero Zapata, Luis Fernando"]
[Result "1-0"]
[WhiteElo "1509"]
[BlackElo "1926"]
[PlyCount "117"]
[EventDate "2021.08.11"]
[EventType "swiss"]
[EventRounds "11"]
[EventCountry "COL"]
[SourceTitle "CBM 204 Extra"]
[Source "ChessBase"]
[SourceDate "2021.11.30"]
[SourceVersion "1"]
[SourceVersionDate "2021.11.30"]
[SourceQuality "1"]

1. e4 c6 2. d4 d5 3. exd5 cxd5 4. c4 Nf6 5. Nc3 e6 6. Nf3 Be7 7. cxd5 Nxd5 8. Bd3 0-0 9. 0-0 Nc6 10. a3 b6 11. Re1 Bb7 12. Bc2 Nxc3 13. bxc3 Bf6 14. Qd3 g6 15. Bh6 Re8 16. Bf4 Rc8 17. Rad1 Na5 18. Ne5 Qd5 19. Qg3 Rxc3 20. Bd3 Ba6 21. Bd2 Rxa3 22. Qf4 Bb7 23. Be4 Qd8 24. Bxb7 Nxb7 25. Nc6 g5 26. Nxd8 gxf4 27. Nxb7 Ra4 28. Bxf4 Re7 29. Nd6 Rxd4 30. Rxd4 Bxd4 31. Nf5 Rd7 32. Nxd4 Rxd4 33. Be5 Rd7 34. Rc1 f5 35. g3 Kf7 36. Rc8 h5 37. h4 Rb7 38. Rh8 Kg6 39. Rg8+ Kh6 40. Rb8 Rxb8 41. Bxb8 a6 42. Be5 Kg6 43. Kg2 Kf7 44. f3 b5 45. Bc3 e5 46. Bxe5 b4 47. Bd6 a5 48. g4 fxg4 49. fxg4 hxg4 50. Kg3 Ke6 51. Bf4 a4 52. Kxg4 a3 53. Bc1 Kf7 54. h5 Kg7 55. Kg5 Kh7 56. h6 Kh8 57. Kg6 Kg8 58. h7+ Kh8 59. Bh6 1-0

[Event "COL-ch sf"]
[Site "Santa Rosa"]
[Date "2021.08.12"]
[Round "2"]
[White "Rosero Zapata, Luis Fernando"]
[Black "Rios Parra, Alejandro"]
[Result "0-1"]
[WhiteElo "1926"]
[BlackElo "2254"]
[PlyCount "96"]
[EventDate "2021.08.11"]
[EventType "swiss"]
[EventRounds "11"]
[EventCountry "COL"]
[SourceTitle "CBM 204 Extra"]
[Source "ChessBase"]
[SourceDate "2021.11.30"]
[SourceVersion "1"]
[SourceVersionDate "2021.11.30"]
[SourceQuality "1"]

1. d4 Nf6 2. Nf3 e6 3. c4 c5 4. e3 b6 5. Nc3 a6 6. Be2 d6 7. b3 Be7 8. Bb2 0-0 9. 0-0 Bb7 10. dxc5 bxc5 11. Qc2 Nc6 12. Rfd1 Rc8 13. a3 Qc7 14. Ng5 h6 15. Nge4 Nh7 16. f4 f5 17. Ng3 Nf6 18. Rab1 Rb8 19. Nh5 Na5 20. Nxf6+ Bxf6 21. Bd3 Ba8 22. Ba1 Rb7 23. e4 Bd4+ 24. Kh1 fxe4 25. Bxe4 Rxf4 26. Ne2 Rf2 27. Bxd4 cxd4 28. Qd3 Nxb3 29. Ng3 Nc5 30. Qxd4 Rxb1 31. Rxb1 Bxe4 32. Nxe4 Rf4 33. Qxd6 Qxd6 34. Nxd6 Rd4 35. Ne8 Rxc4 36. Kg1 Rc3 37. Ra1 a5 38. Nd6 a4 39. Ra2 e5 40. Kf1 Nd3 41. Ne4 Rc4 42. Nd2 Rf4+ 43. Kg1 Rf2 44. Rc2 Kh7 45. g3 e4 46. Rc4 e3 47. Ne4 e2 48. Rc1 Rf8 0-1

[Event "Medellin Raza op 8th"]
[Site "Medellin"]
[Date "2018.10.06"]
[Round "4"]
[White "Castaneda Jimenez, Jhon David"]
[Black "Rosero Zapata, Luis Fernando"]
[Result "1-0"]
[WhiteElo "2185"]
[BlackElo "1928"]
[PlyCount "81"]
[EventDate "2018.10.04"]
[EventType "swiss"]
[EventRounds "7"]
[EventCountry "COL"]
[SourceTitle "CBM 186 Extra"]
[Source "ChessBase"]
[SourceDate "2018.08.24"]
[SourceVersion "1"]
[SourceVersionDate "2018.08.24"]
[SourceQuality "1"]

1. Nf3 d5 2. c4 e6 3. d4 Nf6 4. g3 Be7 5. Bg2 0-0 6. 0-0 b6 7. cxd5 exd5 8. Nc3 Bb7 9. Bf4 Nbd7 10. Nb5 a6 11. Bxc7 Qc8 12. Bd6 Qd8 13. Bxe7 Qxe7 14. Nc3 Rfe8 15. e3 b5 16. Ne1 Rac8 17. Nd3 Bc6 18. b4 a5 19. a3 a4 20. Nc5 Nb6 21. Re1 Qd6 22. Bf1 Nc4 23. Bxc4 dxc4 24. e4 Qb8 25. d5 Ba8 26. Qd4 Rcd8 27. Rad1 Qc8 28. Nxb5 Qh3 29. f3 h5 30. Nc7 h4 31. Qf2 Re5 32. Qg2 Qc8 33. Nxa8 Qxa8 34. f4 Rh5 35. g4 Rh8 36. g5 h3 37. Qf3 Nh5 38. Rf1 Qa7 39. Kh1 Qb6 40. Nxa4 Qb5 41. Nc5 1-0

[Event "Medellin Flores op 25th"]
[Site "Medellin"]
[Date "2018.08.05"]
[Round "4"]
[White "Rosero Zapata, Luis Fernando"]
[Black "Zapata Cuartas, Juan Carlos"]
[Result "0-1"]
[WhiteElo "1960"]
[BlackElo "2083"]
[PlyCount "81"]
[EventDate "2018.08.03"]
[EventType "swiss"]
[EventRounds "9"]
[EventCountry "COL"]
[SourceTitle "CBM 185 Extra"]
[Source "ChessBase"]
[SourceDate "2018.07.29"]
[SourceVersion "1"]
[SourceVersionDate "2018.07.29"]
[SourceQuality "1"]

1. d4 Nf6 2. c4 e6 3. a3 c5 4. dxc5 Bxc5 5. Nf3 a5 6. Nc3 0-0 7. g3 d5 8. cxd5 exd5 9. Bg5 Be6 10. Bg2 Nc6 11. 0-0 h6 12. Bxf6 Qxf6 13. Nxd5 Qxb2 14. Nc7 Rad8 15. Qc1 Qb6 16. Nxe6 fxe6 17. Qc4 Rf6 18. e3 Rdf8 19. Qe4 a4 20. Nd4 Nxd4 21. exd4 Bxd4 22. Rab1 Rxf2 23. Rxf2 Bxf2+ 24. Kh1 Qd6 25. Qg6 Rf5 26. Bxb7 Qe5 27. Qe8+ Kh7 28. Qxa4 Bxg3 29. Be4 Bxh2 30. Qc2 Bf4 31. Rb7 Qf6 32. Bxf5+ exf5 33. Rb5 Qh4+ 34. Kg1 Be3+ 35. Kg2 Qg4+ 36. Kf1 Qg1+ 37. Ke2 Qg2+ 38. Kd3 Qe4+ 39. Kc3 Qc6+ 40. Kd3 Qxb5+ 41. Kxe3 0-1

[Event "Medellin Flores op 25th"]
[Site "Medellin"]
[Date "2018.08.04"]
[Round "2"]
[White "Franco Valencia, Angela Maria"]
[Black "Rosero Zapata, Luis Fernando"]
[Result "1-0"]
[WhiteElo "2199"]
[BlackElo "1960"]
[PlyCount "97"]
[EventDate "2018.08.03"]
[EventType "swiss"]
[EventRounds "9"]
[EventCountry "COL"]
[SourceTitle "CBM 185 Extra"]
[Source "ChessBase"]
[SourceDate "2018.07.29"]
[SourceVersion "1"]
[SourceVersionDate "2018.07.29"]
[SourceQuality "1"]

1. e4 c6 2. Ne2 d5 3. e5 e6 4. d4 c5 5. c3 Nc6 6. a3 c4 7. Ng3 Na5 8. Nd2 Bd7 9. Be2 g6 10. h4 h5 11. Rb1 Be7 12. Nf3 Nb3 13. Bg5 Ba4 14. 0-0 Qd7 15. Bxe7 Qxe7 16. Qe1 0-0-0 17. Bd1 Nh6 18. Ng5 Rdf8 19. Ne2 Nf5 20. g3 Qd7 21. Bc2 Na5 22. Qd1 Bxc2 23. Qxc2 Nb3 24. Nc1 Qb5 25. a4 Qxa4 26. Nxb3 cxb3 27. Qd2 Qd7 28. Ra1 Kb8 29. Ra3 Rc8 30. Rfa1 a6 31. Rxb3 Rc6 32. Qd3 Ka7 33. Rba3 Rhc8 34. Nf3 Qc7 35. Nd2 Rb6 36. Ra5 Qc6 37. Rc5 Qd7 38. b4 Rxc5 39. dxc5 Rb5 40. Nb3 d4 41. Rd1 b6 42. Ra1 Qc6 43. cxd4 Kb7 44. cxb6 Kxb6 45. Nc5 a5 46. Rc1 Ka7 47. bxa5 Rxa5 48. Nb3 Ra3 49. Rxc6 1-0

[Event "Medellin Aristizabal Cup"]
[Site "Medellin"]
[Date "2017.09.10"]
[Round "5"]
[White "Castaneda Jimenez, Jhon David"]
[Black "Rosero Zapata, Luis Fernando"]
[Result "0-1"]
[WhiteElo "2186"]
[BlackElo "1965"]
[PlyCount "84"]
[EventDate "2017.09.06"]
[EventType "swiss"]
[EventRounds "7"]
[EventCountry "COL"]
[SourceTitle "CBM 180 Extra"]
[Source "ChessBase"]
[SourceDate "2017.10.06"]
[SourceVersion "1"]
[SourceVersionDate "2017.10.06"]
[SourceQuality "1"]

1. d4 Nf6 2. Nf3 e6 3. c4 d5 4. g3 Be7 5. Bg2 0-0 6. 0-0 Nbd7 7. Qc2 c6 8. Nbd2 Re8 9. e4 dxe4 10. Nxe4 Nxe4 11. Qxe4 Nf6 12. Qc2 c5 13. dxc5 Bxc5 14. Bg5 Be7 15. Rfe1 Qc7 16. Ne5 Nd7 17. Nf3 Bxg5 18. Nxg5 Nf6 19. Rad1 Bd7 20. Qe2 Bc6 21. Nf3 Rad8 22. Nd4 Bxg2 23. Kxg2 a6 24. b3 Rd7 25. Nf3 Red8 26. Rxd7 Qxd7 27. Qe3 Qc6 28. Re2 h6 29. h3 Rd1 30. Rd2 Rxd2 31. Qxd2 Qe4 32. Qd8+ Kh7 33. Qc7 Kg8 34. Qb6 h5 35. h4 Ng4 36. Qd8+ Kh7 37. Qd4 Qc6 38. Qf4 f6 39. Qd2 Qe4 40. Qe1 Qc6 41. Qe3 Ne5 42. Qe2 b6 0-1

[Event "Medellin Aristizabal Cup"]
[Site "Medellin"]
[Date "2017.09.06"]
[Round "1"]
[White "Moncada Correa, Sara"]
[Black "Rosero Zapata, Luis Fernando"]
[Result "0-1"]
[WhiteElo "1531"]
[BlackElo "1965"]
[PlyCount "56"]
[EventDate "2017.09.06"]
[EventType "swiss"]
[EventRounds "7"]
[EventCountry "COL"]
[SourceTitle "CBM 180 Extra"]
[Source "ChessBase"]
[SourceDate "2017.10.06"]
[SourceVersion "1"]
[SourceVersionDate "2017.10.06"]
[SourceQuality "1"]

1. d4 f5 2. c4 e6 3. g3 Nf6 4. Bg2 d5 5. Nh3 c6 6. Qc2 Bd6 7. Bf4 0-0 8. 0-0 Bxf4 9. Nxf4 Qe8 10. cxd5 cxd5 11. Nc3 Nc6 12. Rfd1 Bd7 13. Rac1 Rc8 14. Qd2 Nh5 15. Nb5 Nxf4 16. Qxf4 Qe7 17. b3 a6 18. Nc3 Na7 19. Qe5 Qa3 20. Bxd5 Nc6 21. Bxc6 bxc6 22. Qc5 Qb2 23. Kf1 f4 24. Na4 Qxa2 25. Ra1 Qxb3 26. Nb6 fxg3 27. Nxd7 Rxf2+ 28. Ke1 Qe3 0-1

[Event "Medellin Navideno op"]
[Site "Medellin"]
[Date "2016.12.19"]
[Round "5"]
[White "Rosero Zapata, Luis Fernando"]
[Black "Cadavid Gomez, Abelardo"]
[Result "1/2-1/2"]
[WhiteElo "1975"]
[BlackElo "2349"]
[PlyCount "67"]
[EventDate "2016.12.16"]
[EventType "swiss"]
[EventRounds "7"]
[EventCountry "COL"]
[SourceTitle "CBM 176 Extra"]
[Source "ChessBase"]
[SourceDate "2017.03.02"]
[SourceVersion "1"]
[SourceVersionDate "2017.03.02"]
[SourceQuality "1"]

1. d4 d5 2. c4 c6 3. cxd5 cxd5 4. Nf3 Nc6 5. Nc3 Nf6 6. Bf4 e6 7. e3 a6 8. Bd3 h6 9. h3 Bd6 10. Bxd6 Qxd6 11. 0-0 0-0 12. Rc1 e5 13. dxe5 Nxe5 14. Nxe5 Qxe5 15. Qf3 Be6 16. Rfd1 b5 17. a3 Rfd8 18. Bb1 Rab8 19. Rd4 a5 20. b4 Rbc8 21. Qd1 axb4 22. axb4 Rc4 23. Ne2 Rdc8 24. Bd3 Rxc1 25. Nxc1 Ne4 26. Bxe4 dxe4 27. Rd8+ Rxd8 28. Qxd8+ Kh7 29. Qd2 Bc4 30. Ne2 Qa1+ 31. Kh2 Qe5+ 32. Kg1 Bxe2 33. Qxe2 Qd5 34. Qc2 1/2-1/2

[Event "Medellin Navideno op"]
[Site "Medellin"]
[Date "2016.12.17"]
[Round "2"]
[White "Rosero Zapata, Luis Fernando"]
[Black "Gonzalez Taborda, David"]
[Result "1-0"]
[WhiteElo "1975"]
[BlackElo "1644"]
[PlyCount "92"]
[EventDate "2016.12.16"]
[EventType "swiss"]
[EventRounds "7"]
[EventCountry "COL"]
[SourceTitle "CBM 176 Extra"]
[Source "ChessBase"]
[SourceDate "2017.03.02"]
[SourceVersion "1"]
[SourceVersionDate "2017.03.02"]
[SourceQuality "1"]

1. d4 f5 2. c4 Nf6 3. g3 e6 4. Bg2 d5 5. Nf3 c6 6. b3 Nbd7 7. 0-0 Bd6 8. Bb2 0-0 9. Nbd2 Ne4 10. e3 Ndf6 11. Qc2 Bd7 12. Ne1 Ng4 13. Nd3 Rf6 14. Rae1 Rh6 15. h3 Nxg3 16. fxg3 Bxg3 17. Re2 Qc7 18. Nf3 Rf8 19. Nde5 Nf6 20. Ba3 Rc8 21. Bb4 Be8 22. Be1 Ne4 23. Qb2 Bh5 24. Rc2 Qe7 25. Bxg3 Nxg3 26. Rfc1 Rf8 27. cxd5 exd5 28. Qc3 f4 29. exf4 Rxf4 30. Re1 Ne4 31. Qe3 Rhf6 32. Nd2 Nd6 33. Rf1 Rxf1+ 34. Nxf1 Nf5 35. Qd3 Qb4 36. Bxd5+ cxd5 37. Rc8+ Rf8 38. Qxf5 Qxd4+ 39. Kh1 Qe4+ 40. Qxe4 dxe4 41. Rxf8+ Kxf8 42. Ng3 Be8 43. Kg2 Ke7 44. Nxe4 Ke6 45. Nc4 Bc6 46. Kf3 Kd5 1-0

[Event "Medellin Antioquia Cup"]
[Site "Medellin"]
[Date "2016.10.14"]
[Round "4"]
[White "Salcedo Perez, Pablo Esteban"]
[Black "Rosero Zapata, Luis Fernando"]
[Result "1-0"]
[WhiteElo "2197"]
[BlackElo "1979"]
[PlyCount "59"]
[EventDate "2016.10.12"]
[EventType "swiss"]
[EventRounds "8"]
[EventCountry "COL"]
[SourceTitle "CBM 175 Extra"]
[Source "ChessBase"]
[SourceDate "2016.12.12"]
[SourceVersion "1"]
[SourceVersionDate "2016.12.12"]
[SourceQuality "1"]

1. d4 d5 2. c4 e6 3. Nc3 c6 4. Nf3 Nf6 5. Bf4 Nbd7 6. e3 Be7 7. Bd3 b6 8. e4 dxe4 9. Bxe4 Nxe4 10. Nxe4 Nf6 11. Nxf6+ Bxf6 12. 0-0 0-0 13. Qc2 Bb7 14. Rad1 Be7 15. Rfe1 Re8 16. Re3 Bd6 17. Bxd6 Qxd6 18. Ng5 g6 19. Rh3 Qf4 20. Nxh7 Re7 21. Rf3 Qh4 22. Rh3 Qf4 23. Qc3 f5 24. Nf6+ Kf7 25. d5 e5 26. d6 Rd8 27. Nd5 Rxd6 28. Rh7+ Kf8 29. Rxe7 Rxd5 30. cxd5 1-0

[Event "Medellin Flores op 23rd"]
[Site "Medellin"]
[Date "2016.08.06"]
[Round "7"]
[White "Lora, Joel Fernando"]
[Black "Rosero Zapata, Luis Fernando"]
[Result "1-0"]
[WhiteElo "2228"]
[BlackElo "1963"]
[PlyCount "57"]
[EventDate "2016.08.03"]
[EventType "swiss"]
[EventRounds "9"]
[EventCountry "COL"]
[SourceTitle "CBM 173 Extra"]
[Source "ChessBase"]
[SourceDate "2016.08.29"]
[SourceVersion "1"]
[SourceVersionDate "2016.08.29"]
[SourceQuality "1"]

1. e4 c6 2. d3 d5 3. Nd2 e6 4. Ngf3 Nf6 5. g3 Be7 6. Bg2 dxe4 7. dxe4 0-0 8. 0-0 Qc7 9. Re1 b5 10. Nb3 Nbd7 11. Bd2 Bb7 12. Ba5 Nb6 13. Qe2 Qc8 14. Nfd2 Na4 15. Rab1 a6 16. c4 Bd8 17. Rec1 e5 18. c5 Be7 19. Rc2 Qe6 20. a3 Nd7 21. Rbc1 g6 22. h4 Bc8 23. Bb4 Bd8 24. Na5 Bxa5 25. Bxa5 Ndxc5 26. Bb4 Nd7 27. Bxf8 Kxf8 28. b3 Nab6 29. Rxc6 1-0

[Event "Medellin Aristizabal Cup"]
[Site "Medellin"]
[Date "2016.05.20"]
[Round "3"]
[White "Zapata Cuartas, Juan Carlos"]
[Black "Rosero Zapata, Luis Fernando"]
[Result "0-1"]
[WhiteElo "2062"]
[BlackElo "2010"]
[PlyCount "84"]
[EventDate "2016.05.18"]
[EventType "swiss"]
[EventRounds "7"]
[EventCountry "COL"]
[SourceTitle "CBM 172 Extra"]
[Source "ChessBase"]
[SourceDate "2016.06.21"]
[SourceVersion "1"]
[SourceVersionDate "2016.06.21"]
[SourceQuality "1"]

1. e4 c6 2. d4 d5 3. Nc3 dxe4 4. Nxe4 Bf5 5. Ng3 Bg6 6. h4 h6 7. Nf3 Nd7 8. h5 Bh7 9. Bd3 Bxd3 10. Qxd3 e6 11. Bf4 Qa5+ 12. Bd2 Qc7 13. 0-0-0 Ngf6 14. Kb1 0-0-0 15. Qe2 Bd6 16. Ne4 Nxe4 17. Qxe4 Nf6 18. Qh4 c5 19. dxc5 Qxc5 20. Bc3 Be7 21. Rd4 Rxd4 22. Bxd4 Qa5 23. Ne5 Rd8 24. Nxf7 Rd5 25. Qh3 Rxd4 26. Qxe6+ Rd7 27. Ne5 Qd5 28. Qf5 Bd6 29. f4 Bxe5 30. fxe5 Kc7 31. a3 Re7 32. Re1 Nd7 33. c4 Rxe5 34. Qf4 Qd6 35. Rc1 Rxh5 36. Qf3 Qe5 37. Ka2 Rf5 38. Qd3 Qf6 39. Rd1 Rf2 40. Rd2 Rxd2 41. Qxd2 Qd6 42. Qc3 g5 0-1

[Event "Medellin Navideno op"]
[Site "Medellin"]
[Date "2015.12.12"]
[Round "4"]
[White "Rosero Zapata, Luis Fernando"]
[Black "Ramirez, Benjamin Dario"]
[Result "0-1"]
[WhiteElo "2034"]
[BlackElo "2255"]
[PlyCount "88"]
[EventDate "2015.12.10"]
[EventType "swiss"]
[EventRounds "7"]
[EventCountry "COL"]
[SourceTitle "CBM 169 Extra"]
[Source "ChessBase"]
[SourceDate "2015.12.18"]
[SourceVersion "1"]
[SourceVersionDate "2015.12.18"]
[SourceQuality "1"]

1. d4 Nf6 2. c4 e6 3. g3 d5 4. Bg2 h6 5. Nf3 c5 6. cxd5 exd5 7. 0-0 Be7 8. Nc3 Nc6 9. b3 Be6 10. Bb2 Rc8 11. Rc1 0-0 12. dxc5 Bxc5 13. Nb5 Ne4 14. Nbd4 Qe7 15. Qd3 Ba3 16. Nxc6 bxc6 17. Qd4 Bxb2 18. Qxb2 c5 19. e3 Rfd8 20. Rfd1 Bg4 21. h3 Bf5 22. Qe5 Qd7 23. Nh4 Bh7 24. g4 f6 25. Qh5 Qe6 26. Nf5 Kh8 27. Bxe4 Qxe4 28. Qf7 Bxf5 29. gxf5 Qxf5 30. Qxa7 Qxh3 31. Qf7 Qg4+ 32. Kf1 d4 33. Qc4 Qh3+ 34. Ke2 dxe3 35. fxe3 Qg2+ 36. Ke1 Qxa2 37. Rd5 Rxd5 38. Qxd5 Re8 39. Rc3 Qb1+ 40. Kd2 Re5 41. Qa8+ Kh7 42. Qb7 Rh5 43. Qg2 Qb2+ 44. Rc2 Qxb3 0-1

[Event "Bogota Distrital-ch 77th"]
[Site "Bogota"]
[Date "2015.05.02"]
[Round "4"]
[White "Valle, Efrain"]
[Black "Rosero Zapata, Luis Fernando"]
[Result "1-0"]
[WhiteElo "2138"]
[BlackElo "1727"]
[PlyCount "71"]
[EventDate "2015.04.30"]
[EventType "swiss"]
[EventRounds "7"]
[EventCountry "COL"]
[SourceTitle "CBM 166 Extra"]
[Source "ChessBase"]
[SourceDate "2015.06.18"]
[SourceVersion "1"]
[SourceVersionDate "2015.06.18"]
[SourceQuality "1"]

1. e4 c5 2. Nf3 d6 3. Bc4 e6 4. 0-0 a6 5. Re1 b5 6. Bf1 Nc6 7. a4 b4 8. d4 cxd4 9. Nxd4 Bb7 10. Be3 Nf6 11. Nd2 Be7 12. Nxc6 Bxc6 13. a5 0-0 14. Bb6 Qb8 15. Bd3 Nd7 16. Bd4 e5 17. Be3 d5 18. exd5 Bxd5 19. Qh5 g6 20. Qh6 Qb7 21. Bf1 Rac8 22. Rec1 Bf6 23. c4 bxc3 24. bxc3 Bg7 25. Qh4 f5 26. c4 Bc6 27. Bh6 Nc5 28. Bxg7 Kxg7 29. Rab1 Qc7 30. Rb6 Rcd8 31. Nb3 Nxb3 32. Rxb3 Rd4 33. Qg5 Rg4 34. Qd2 h5 35. Rb6 Rd8 36. Rxc6 1-0